| 000 | 00561nam a2200181Ia 4500 | ||
|---|---|---|---|
| 005 | 20260429112313.0 | ||
| 008 | 260429s9999||||xx |||||||||||||| ||und|| | ||
| 020 | _a9789362784681 | ||
| 041 | _aHindi | ||
| 082 |
_a294.5921 _bDEV |
||
| 100 | _aदेवी, शेली | ||
| 245 | 0 |
_aवैदिक धर्म और संकृति सभ्यता / _cशेली देवी |
|
| 250 | _ac | ||
| 260 |
_aदिल्ली : _bपेरीडोट, _c2025. |
||
| 300 | _a239 p.; Hb | ||
| 650 | _aवैदिक धर्म | ||
| 942 | _cTB | ||
| 999 |
_c53393 _d53393 |
||